El derecho y el amor

Guardat en:
Dades bibliogràfiques
Autor principal: Legaz Lacambra, Luis (Autor)
Format: Llibre
Idioma:espanyol
Publicat: Barcelona Bosch 1976
Matèries:
Etiquetes: Afegir etiqueta
Sense etiquetes, Sigues el primer a etiquetar aquest registre!

MARC

LEADER 00000nam a2200000 a 4500
001 UCS9707
003 CL-VaPUC
008 971121e19760000SP |||||||||||||||||spa|d
082 0 4 |a 340.11  |b LEG  |2 21 
100 |a Legaz Lacambra, Luis  |e author  |9 393604 
245 1 3 |a El derecho y el amor 
300 |a 221 p 
942 |c BK 
945 |d 19971121 00:00:00  |a cmena 
260 |a Barcelona  |b Bosch  |c 1976 
650 0 |a Filosofía del derecho   |9 255050 
650 0 |a Socialización  |9 309940 
650 0 |a Naturaleza humana   |9 308593 
650 0 |a Justicia   |9 255408 
650 0 |a Derecho y política  |9 257017 
650 7 |a ESTRUCTURA SOCIAL  |2 CL-VaPUC  |9 394985 
650 0 |a Sistemas sociales  |9 308361 
650 0 |a Amor  |9 257817 
650 0 |a Emociones   |9 265224 
650 0 |a Comportamiento   |9 308406 
583 |a last modification  |c 19971121 00:00:00  |k Rodrigo Vera 
999 |c 263468  |d 263466 
952 |0 0  |1 0  |4 0  |6 340_110000000000000_LEG_1976  |7 0  |8 DER_TF  |9 292792  |a BIBDER  |b BIBDER  |d 2019-11-19  |i 1904906  |o 340.11 LEG 1976  |p 1904906  |r 2023-01-25  |w 2019-11-19  |x Ubicación 4to Piso  |y BK  |z Estos recursos deben solicitarse con anticipación  |k DER